00530nam a2200193 a 4500001001300000003000900013005001700022008004100039020002300080082001400103100001900117245005900136260004300195300000900238500003500247505001000282650002500292700001900317nice12345678IN_TiNIC20260116014102.0091026s2007 oxfa grp 000 0 eng  a1851682449 c25000a291bCOW1 aCoward, Harold aScripture in the World ReligionsbA Short Introduction aOxford bOne World Publications c2007 a222p aincludes index and biblioraphy2 aIndex aComparative Religion1 aCoward, Harold